000 00268 a2200121 4500
001 146726
040 _cEscola São Tomás de Aquino
100 _aGRUSZYNSKI, Ana Clúdia
240 1 0 _aPoesia visual
_lpor
245 1 0 _aPoesia visual
697 _aPoesia
942 _cBK
999 _c146726
_d146726